| 000 | 00754cab a2200265 4500 | ||
|---|---|---|---|
| 001 | ABS51909 | ||
| 008 | 090401t1994 xxu||||| |||| 00| 0 eng d | ||
| 035 | _a(Sirsi) u50135 | ||
| 041 | _aeng | ||
| 245 | _aAssessing the risk of bomb blasts | ||
| 260 | _c1994 | ||
| 350 | _a0 | ||
| 490 |
_aASI Journal _v6(4) November 1994, 31-34(4) |
||
| 520 | _aA feature looking at safety and security glazing to reduce the effects of bomb damage. | ||
| 650 | _aANTI-SHATTER WINDOW FILM | ||
| 650 | _aBLAST RESISTANT GLAZING | ||
| 650 | _aBOMB DAMAGE | ||
| 650 | _aEXPLOSIONS | ||
| 650 | _aGLASS | ||
| 650 | _aLAMINATED GLASS | ||
| 650 | _aWINDOWS AND GLAZING | ||
| 690 | _aBUILT ENVIRONMENT-BUILDING STANDARDS | ||
| 942 | _n0 | ||
| 948 | _c04/03/1997 | ||
| 999 |
_c31315 _d31315 |
||